[Event "Quebec-ch"]
[Site "Montreal CAN"]
[Date "1989.06.19"]
[Round "6"]
[White "Girard, Robin"]
[Black "Levtchouk, George"]
[Result "0-1"]
[WhiteElo "2216"]
[BlackElo "2317"]
[PlyCount "138"]
[EventDate "1989.06.12"]
[EventType "tourn"]
[EventRounds "9"]
[EventCountry "CAN"]

1. e4 g6 2. d4 Bg7 3. Nc3 d6 4. f4 Nc6 5. Be3 Nf6 6. Nf3 O-O 7. Bd3 e6 8. h3
Ne7 9. Qd2 b6 10. g4 Bb7 11. Rg1 c5 12. O-O-O c4 13. Bxc4 Nxe4 14. Nxe4 Bxe4
15. Ng5 Bd5 16. Bd3 Qd7 17. h4 Rac8 18. Kb1 Bc4 19. h5 h6 20. Nh3 Bxd3 21. Qxd3
Qc6 22. c3 Qf3 23. Bc1 Qxd3+ 24. Rxd3 gxh5 25. g5 hxg5 26. Nxg5 d5 27. Rh3 Nf5
28. Rxh5 Rfd8 29. Rh3 Kf8 30. b3 Ke8 31. Ba3 Bf8 32. Bc1 Bh6 33. Nh7 Ke7 34.
Ba3+ Kd7 35. Nf6+ Kc6 36. Rf1 Rh8 37. c4 dxc4 38. Rc3 Kb5 39. d5 Bg7 40. bxc4+
Ka6 41. Bb2 Rh2 42. Ra3+ Kb7 43. Be5 Bxf6 44. Bxf6 Rxc4 45. dxe6 fxe6 46. Be5
Rb4+ 47. Ka1 Re2 48. Rc1 a5 49. Rac3 Ka6 50. Rb1 Ne3 51. a3 Rc4 52. Rbb3 a4 53.
Rxc4 Nxc4 54. Rb4 b5 55. Bb2 Rxb2 56. Rxb2 Nxb2 57. Kxb2 Ka5 58. Kc3 b4+ 59.
axb4+ Kb5 60. Kd4 Kxb4 61. Ke5 a3 62. Kxe6 a2 63. f5 a1=Q 64. f6 Qe1+ 65. Kd7
Qf2 66. Ke7 Qe3+ 67. Kf8 Qc5+ 68. Kg8 Qg5+ 69. Kf7 Kc5 0-1

[Event "Quebec-ch"]
[Site "Montreal CAN"]
[Date "1989.06.20"]
[Round "7"]
[White "Barbeau, Sylvain"]
[Black "Girard, Robin"]
[Result "1/2-1/2"]
[WhiteElo "2367"]
[BlackElo "2216"]
[PlyCount "121"]
[EventDate "1989.06.12"]
[EventType "tourn"]
[EventRounds "9"]
[EventCountry "CAN"]

1. Nf3 Nf6 2. d4 g6 3. g3 Bg7 4. Bg2 O-O 5. O-O d6 6. b3 e5 7. dxe5 Ng4 8. Bb2
Nc6 9. Qc1 Ngxe5 10. Nxe5 Nxe5 11. c4 Nd7 12. Nc3 a5 13. Qd2 Nc5 14. Rad1 a4
15. Ba3 Qf6 16. Nd5 Qd8 17. b4 Ne6 18. e3 Re8 19. Bb2 f6 20. a3 Ng5 21. Nf4 Bg4
22. f3 Bd7 23. Qc3 Nf7 24. Nd5 c6 25. Nf4 Qb6 26. c5 Qa7 27. Rfe1 b5 28. cxd6
Ne5 29. Qc1 Nc4 30. Bd4 Qb7 31. Nd3 Rad8 32. Nc5 Qc8 33. Bf1 Nxd6 34. Nxd7 Qxd7
35. Bb6 Rb8 36. Bc5 Re6 37. e4 Qc7 38. Qd2 Nb7 39. Qa2 Nxc5 40. bxc5 Qf7 41.
Bh3 Re5 42. Qxf7+ Kxf7 43. f4 Rxc5 44. Rd7+ Kf8 45. Be6 Re8 46. Rf7+ Kg8 47.
Re7+ Kf8 48. Rf7+ Kg8 49. f5 Rxe6 50. fxe6 Re5 51. Rd1 Rxe6 52. Rc7 Re8 53.
Rxc6 Bf8 54. Rd3 Kg7 55. Rc7+ Kh6 56. Kg2 Rxe4 57. h4 Re7 58. Rc8 Kg7 59. Rb8
Re5 60. Rb7+ Be7 61. Rd6 1/2-1/2

[Event "Quebec-ch"]
[Site "Montreal CAN"]
[Date "1989.06.21"]
[Round "8"]
[White "Girard, Robin"]
[Black "Berube, Richard"]
[Result "1/2-1/2"]
[WhiteElo "2216"]
[BlackElo "2142"]
[PlyCount "57"]
[EventDate "1989.06.12"]
[EventType "tourn"]
[EventRounds "9"]
[EventCountry "CAN"]

1. e4 e5 2. Nf3 Nc6 3. Bb5 a6 4. Ba4 Nf6 5. O-O Be7 6. Re1 b5 7. Bb3 d6 8. c3
O-O 9. d4 Bg4 10. d5 Na5 11. Bc2 c6 12. h3 Bc8 13. dxc6 Qc7 14. Nbd2 Qxc6 15.
Nf1 Nc4 16. a4 Bb7 17. Ng3 Rfe8 18. Bd3 Bf8 19. Qe2 d5 20. axb5 axb5 21. Rxa8
Bxa8 22. exd5 Nxd5 23. Nf5 e4 24. Bxe4 Nxc3 25. bxc3 Rxe4 26. Qxe4 Qxe4 27.
Rxe4 Bxe4 28. N5d4 b4 29. Nd2 1/2-1/2

[Event "Quebec-ch"]
[Site "Montreal CAN"]
[Date "1989.06.23"]
[Round "9"]
[White "Roy, Alain"]
[Black "Girard, Robin"]
[Result "1/2-1/2"]
[WhiteElo "2112"]
[BlackElo "2216"]
[PlyCount "142"]
[EventDate "1989.06.12"]
[EventType "tourn"]
[EventRounds "9"]
[EventCountry "CAN"]

1. c4 g6 2. Nc3 Bg7 3. Nf3 Nf6 4. e4 d6 5. d4 O-O 6. Be2 e5 7. O-O Nc6 8. d5
Ne7 9. Ne1 Nd7 10. Nd3 f5 11. f3 f4 12. Bd2 Nf6 13. c5 g5 14. cxd6 cxd6 15. Rc1
Ng6 16. Nf2 h5 17. h3 Rf7 18. a4 Bf8 19. Nb5 Rg7 20. Qc2 Ne8 21. Qb3 Nh4 22.
Rc3 a6 23. Na3 Nf6 24. Qd1 g4 25. fxg4 hxg4 26. hxg4 Nh5 27. Rh3 Ng3 28. Re1
Be7 29. Nc4 b5 30. Ba5 Qf8 31. Nb6 Rb8 32. Nxc8 Qxc8 33. axb5 axb5 34. Bb4 Qc7
35. Qd3 Qb6 36. Rc1 Ra8 37. Bd1 Ng6 38. Rc6 Qb8 39. Qb1 Nf8 40. Rh6 Qa7 41. Bf3
Qd4 42. Bc3 Qe3 43. Qd1 Bg5 44. Rcxd6 Bxh6 45. Bxe5 Rga7 46. Bd4 Ra1 47. Bxe3
fxe3 48. Rxh6 exf2+ 49. Kxf2 Nxe4+ 50. Ke3 Rxd1 51. Bxd1 Re8 52. Kd4 Ng5 53.
Bf3 Rb8 54. Kc5 Kg7 55. Ra6 Nf7 56. Kc6 b4 57. Kc7 Rd8 58. Rb6 Rd7+ 59. Kc6
Rd6+ 60. Kb5 Rxb6+ 61. Kxb6 Kf6 62. Kc5 b3 63. Kb4 Ke5 64. Kxb3 Nd7 65. Ka4
Nb6+ 66. Kb5 Nxd5 67. Bxd5 Kxd5 68. b4 Nd6+ 69. Kb6 Ke5 70. Kc6 Nc4 71. b5 Kf4
1/2-1/2

[Event "Quebec-ch intercoll."]
[Site "Valleyfield CAN"]
[Date "1989.03.24"]
[Round "2"]
[White "Bouchard, Jean-Marc"]
[Black "Girard, Robin"]
[Result "1-0"]
[WhiteElo "1704"]
[BlackElo "2247"]
[PlyCount "73"]
[EventDate "1989.03.24"]
[EventType "swiss"]
[EventRounds "6"]
[EventCountry "CAN"]

1. e4 c5 2. Nf3 d6 3. d4 cxd4 4. Nxd4 Nf6 5. Nc3 a6 6. a4 e5 7. Nb3 Be7 8. Be2
O-O 9. O-O Be6 10. Be3 Nbd7 11. f4 exf4 12. Bxf4 Ne8 13. Nd5 Bg5 14. Qd2 Bxf4
15. Rxf4 Ne5 16. Nd4 Bxd5 17. exd5 Nf6 18. c4 Rc8 19. b3 Re8 20. Raf1 Ng6 21.
Rxf6 gxf6 22. Nf5 Re5 23. Nh6+ Kg7 24. Ng4 Rg5 25. Nxf6 h6 26. Qd4 Ne5 27. Bd3
Qe7 28. h4 Rg6 29. Bxg6 fxg6 30. g4 Rf8 31. g5 hxg5 32. hxg5 Rh8 33. Kg2 b5 34.
axb5 axb5 35. Ra1 Nf7 36. Nh5+ Kh7 37. Qg7# 1-0

[Event "Quebec-ch intercoll."]
[Site "Valleyfield CAN"]
[Date "1989.03.25"]
[Round "4"]
[White "Wenaas, Eric"]
[Black "Girard, Robin"]
[Result "0-1"]
[WhiteElo "1713"]
[BlackElo "2247"]
[PlyCount "48"]
[EventDate "1989.03.24"]
[EventType "swiss"]
[EventRounds "6"]
[EventCountry "CAN"]

1. f4 c5 2. Nf3 Nc6 3. e3 d5 4. d4 Bf5 5. c3 e6 6. Be2 Nf6 7. Nbd2 h6 8. Ne5
Bd6 9. O-O Qc7 10. a4 Ke7 11. Bf3 Rag8 12. g4 Bh7 13. Rf2 g5 14. Nf1 gxf4 15.
exf4 Nxg4 16. Bxg4 h5 17. h3 Be4 18. Ng3 hxg4 19. hxg4 Rh3 20. Nxe4 dxe4 21.
Rh2 Rxh2 22. Kxh2 f6 23. Nxc6+ bxc6 24. Kg3 f5 0-1

[Event "Quebec-ch intercoll."]
[Site "Valleyfield CAN"]
[Date "1989.03.26"]
[Round "6"]
[White "Ouaknine, Joel"]
[Black "Girard, Robin"]
[Result "1/2-1/2"]
[WhiteElo "1712"]
[BlackElo "2247"]
[PlyCount "164"]
[EventDate "1989.03.24"]
[EventType "swiss"]
[EventRounds "6"]
[EventCountry "CAN"]

1. e4 c5 2. d4 cxd4 3. c3 dxc3 4. Nxc3 Nc6 5. Bc4 d6 6. Nf3 e6 7. Bf4 a6 8. O-O
Nf6 9. Qe2 Be7 10. Rfd1 O-O 11. e5 Nh5 12. Be3 d5 13. g4 Qc7 14. Bd3 Nxe5 15.
gxh5 Ng4 16. Rac1 Qb8 17. Bb6 Bd6 18. h3 Nh6 19. Bc2 Bd7 20. Be3 Bf4 21. Rd4
Bxe3 22. Qxe3 f5 23. Ne5 Be8 24. Kh1 Qd8 25. Rg1 Qf6 26. Qf4 Rd8 27. Bd1 Kh8
28. Rd3 Nf7 29. Nxf7+ Rxf7 30. Re1 d4 31. Nb1 Bc6+ 32. Bf3 Bb5 33. Rdd1 Re7 34.
Re5 Red7 35. Rde1 Re7 36. Na3 Be8 37. Nc2 d3 38. Nd4 Bf7 39. Rd1 g5 40. hxg6
hxg6 41. Nb3 g5 42. Qe3 Kg7 43. Rg1 g4 44. hxg4 f4 45. g5 Qg6 46. Qxf4 Rh8+ 47.
Kg2 Qh7 48. Qf6+ Kf8 49. Qh6+ Qxh6 50. gxh6 Rxh6 51. Rd1 Bg6 52. Be4 Rg7 53.
Bxg6 Rgxg6+ 54. Kf3 Rf6+ 55. Ke4 Rxf2 56. Rd2 Rhh2 57. Kxd3 Ke7 58. Ree2 Rh3+
59. Re3 Rxd2+ 60. Kxd2 Rh5 61. Nd4 e5 62. Nf3 Ke6 63. Rb3 e4 64. Ng1 Rh7 65.
Nh3 Ke5 66. Nf2 Kf4 67. Rh3 Re7 68. Ke2 Ke5 69. Nxe4 Kd4 70. Rd3+ Kc4 71. b3+
Kb5 72. Re3 Rh7 73. a3 Rh1 74. Nc3+ Kc6 75. Kd3 Ra1 76. a4 Rh1 77. Kc4 Rh6 78.
b4 Rh4+ 79. Re4 Rh5 80. b5+ Kb6 81. Re6+ Ka5 82. Re7 Rh4+ 1/2-1/2

[Event "RA Spring op"]
[Site "Ottawa CAN"]
[Date "1989.03.11"]
[Round "1"]
[White "Morin, Louis"]
[Black "Girard, Robin"]
[Result "0-1"]
[WhiteElo "1980"]
[BlackElo "2130"]
[PlyCount "66"]
[EventDate "1989.03.11"]
[EventType "swiss"]
[EventRounds "5"]
[EventCountry "CAN"]

1. e4 c5 2. d4 cxd4 3. c3 dxc3 4. Nxc3 Nc6 5. Nf3 d6 6. Bc4 e6 7. O-O Nf6 8.
Qe2 Be7 9. Rd1 e5 10. Be3 O-O 11. Rac1 Bg4 12. h3 Bh5 13. g4 Bg6 14. Bc5 Na5
15. Nxe5 Qc7 16. Bxd6 Bxd6 17. Nb5 Qe7 18. Nxg6 hxg6 19. Nxd6 Nh7 20. f4 g5 21.
f5 Qe5 22. Bxf7+ Rxf7 23. Nxf7 Kxf7 24. Rd7+ Kg8 25. Rcc7 Qg3+ 26. Qg2 Qe1+ 27.
Kh2 Nf6 28. Rxg7+ Kh8 29. Rxg5 Rd8 30. Rc2 Qe3 31. Rg6 Nxe4 32. Qe2 Qg3+ 33.
Kh1 Nf2+ 0-1

[Event "Charny"]
[Site "Charny CAN"]
[Date "1989.??.??"]
[Round "?"]
[White "Girard, Robin"]
[Black "Belanger, Jacques"]
[Result "1-0"]
[WhiteElo "2205"]
[BlackElo "1885"]
[PlyCount "49"]
[EventDate "1989.??.??"]
[EventType "swiss"]
[EventCountry "CAN"]

1. e4 c5 2. Nf3 Nc6 3. d4 cxd4 4. Nxd4 Nf6 5. Nc3 d6 6. Bc4 e6 7. Be3 Be7 8.
Qe2 O-O 9. Rg1 a6 10. Bb3 Qc7 11. g4 Nd7 12. g5 Na5 13. Rg3 Re8 14. Nxe6 fxe6
15. Bxe6+ Kh8 16. Qh5 g6 17. Qh4 Ne5 18. Bxc8 Raxc8 19. f4 Nac4 20. Bd4 Nxb2
21. Rh3 Bd8 22. fxe5 dxe5 23. Nd5 Qf7 24. Bxb2 Rxc2 25. Bc3 1-0

[Event "Quebec op"]
[Site "Montreal CAN"]
[Date "1987.07.27"]
[Round "2"]
[White "Girard, Robin"]
[Black "Marquis, Paul"]
[Result "1-0"]
[WhiteElo "2107"]
[BlackElo "1936"]
[PlyCount "59"]
[EventDate "1987.07.26"]
[EventType "swiss"]
[EventRounds "8"]
[EventCountry "CAN"]

1. e4 e6 2. d4 d5 3. Nc3 Bb4 4. e5 Qd7 5. Nf3 b6 6. Bd2 Bb7 7. h4 Nc6 8. a3 Bf8
9. h5 O-O-O 10. b4 f6 11. Bb5 a6 12. Bd3 fxe5 13. dxe5 d4 14. Ne4 Be7 15. Qe2
Nb8 16. a4 Nh6 17. O-O Nf7 18. Rfd1 Qd5 19. c4 Qd7 20. a5 bxa5 21. Rxa5 Nc6 22.
Nc5 Bxc5 23. Rxc5 Qe7 24. Be4 Nb8 25. Bxb7+ Kxb7 26. Qe4+ c6 27. Nxd4 Rc8 28.
Be3 Ng5 29. Bxg5 Qxg5 30. b5 1-0

[Event "Quebec op"]
[Site "Montreal CAN"]
[Date "1987.07.28"]
[Round "3"]
[White "Deslongchamps, Denis"]
[Black "Girard, Robin"]
[Result "1/2-1/2"]
[WhiteElo "1916"]
[BlackElo "2107"]
[PlyCount "62"]
[EventDate "1987.07.26"]
[EventType "swiss"]
[EventRounds "8"]
[EventCountry "CAN"]

1. e4 c5 2. Nf3 d6 3. d4 cxd4 4. Nxd4 Nf6 5. Nc3 a6 6. h3 e5 7. Nde2 Be7 8. g4
h6 9. Bg2 b5 10. Nd5 Nxd5 11. Qxd5 Ra7 12. Be3 Qa5+ 13. Nc3 Be6 14. Qd2 Rc7 15.
O-O b4 16. Nd5 Bxd5 17. exd5 Qb5 18. Rfd1 Nd7 19. a3 bxa3 20. bxa3 Qa4 21. Qb4
Qxb4 22. axb4 Nb8 23. Bf1 Rxc2 24. b5 axb5 25. Bxb5+ Kd8 26. Ra7 Bg5 27. Bb6+
Kc8 28. Bd3 Rb2 29. Rc7+ Kd8 30. Rb7+ Kc8 31. Rc7+ Kd8 1/2-1/2

[Event "Quebec op"]
[Site "Montreal CAN"]
[Date "1987.07.29"]
[Round "4"]
[White "Girard, Robin"]
[Black "Ahad, Noorul"]
[Result "1/2-1/2"]
[WhiteElo "2107"]
[BlackElo "1948"]
[PlyCount "91"]
[EventDate "1987.07.26"]
[EventType "swiss"]
[EventRounds "8"]
[EventCountry "CAN"]

1. e4 d6 2. d4 Nf6 3. Nc3 g6 4. g3 Bg7 5. Bg2 O-O 6. Nge2 e5 7. O-O c6 8. h3
Nbd7 9. a4 a5 10. Be3 Qe7 11. Re1 h6 12. Qd2 Kh7 13. Rad1 Re8 14. Kh2 Bf8 15.
f4 Bg7 16. dxe5 dxe5 17. f5 Rh8 18. g4 g5 19. Bf3 Ne8 20. Ng3 Ndf6 21. Be2 Bf8
22. Bc4 Kg8 23. Kg2 Qb4 24. Bb3 Nd6 25. Qd3 Nde8 26. Na2 Qe7 27. Qc4 Rh7 28.
Kf3 h5 29. Bxg5 hxg4+ 30. hxg4 Rg7 31. Bh4 Rxg4 32. Rh1 Rf4+ 33. Ke2 b6 34.
Qxc6 Ba6+ 35. c4 Rc8 36. Qxb6 Bxc4+ 37. Bxc4 Rxc4 38. Nc3 Rb4 39. Qe3 Rxb2+ 40.
Ke1 Qa3 41. Nge2 Ng4 42. Qh3 Bb4 43. Rg1 Bxc3+ 44. Nxc3 Rxe4+ 45. Kf1 Rf4+ 46.
Ke1 1/2-1/2

[Event "Quebec op"]
[Site "Montreal CAN"]
[Date "1987.07.30"]
[Round "5"]
[White "Fortin, Michel"]
[Black "Girard, Robin"]
[Result "0-1"]
[WhiteElo "1804"]
[BlackElo "2107"]
[PlyCount "96"]
[EventDate "1987.07.26"]
[EventType "swiss"]
[EventRounds "8"]
[EventCountry "CAN"]

1. d4 Nf6 2. Nc3 c5 3. dxc5 Qa5 4. Bd2 Qxc5 5. e4 d6 6. f3 g6 7. h4 Bg7 8. Qc1
h5 9. Nh3 Nc6 10. Nf2 Nd4 11. Nd3 Qc7 12. Be3 e5 13. Qd2 a6 14. Be2 Be6 15. O-O
O-O 16. Rae1 Rac8 17. Bd1 Kh7 18. Kh1 b5 19. Bg5 Qc4 20. a3 a5 21. f4 Ng4 22.
fxe5 dxe5 23. Bxg4 Bxg4 24. Bf6 Qe6 25. Bxg7 Kxg7 26. Nf4 Qe7 27. Nfd5 Qxh4+
28. Kg1 Qg3 29. Qg5 Rxc3 30. Nxc3 Nf3+ 31. Rxf3 Qxe1+ 32. Rf1 f6 33. Qxf6+ Rxf6
34. Rxe1 Rc6 35. Rc1 b4 36. axb4 axb4 37. Nd5 Rc4 38. Ne3 Rxe4 39. Nxg4 Rxg4
40. c4 bxc3 41. bxc3 Rc4 42. Kf2 Kf6 43. Ke3 e4 44. Rc2 Ke5 45. g3 Kf5 46. Rc1
Kg4 47. Kd2 g5 48. Kc2 Kxg3 0-1

[Event "Quebec op"]
[Site "Montreal CAN"]
[Date "1987.07.31"]
[Round "6"]
[White "Girard, Robin"]
[Black "Thouin, Normand"]
[Result "1-0"]
[WhiteElo "2107"]
[BlackElo "1949"]
[PlyCount "147"]
[EventDate "1987.07.26"]
[EventType "swiss"]
[EventRounds "8"]
[EventCountry "CAN"]

1. e4 c5 2. Nf3 Nc6 3. Nc3 d6 4. d4 cxd4 5. Nxd4 Nf6 6. Bc4 Qb6 7. Nb3 e6 8.
O-O Be7 9. Be3 Qc7 10. Be2 O-O 11. f4 a6 12. a4 Na5 13. Nxa5 Qxa5 14. Qe1 Kh8
15. Bf3 Nd7 16. g4 Rb8 17. g5 Qb4 18. b3 b5 19. f5 Ne5 20. Bg2 Ng4 21. Bd2 Qc5+
22. Kh1 Bb7 23. b4 Qc4 24. axb5 axb5 25. h3 Ne5 26. f6 Bd8 27. fxg7+ Kxg7 28.
Qh4 Ng6 29. Qh6+ Kg8 30. h4 Qd4 31. Rad1 Qe5 32. Be3 Qg3 33. Bf2 Qg4 34. Rd3 e5
35. Rg1 Nf4 36. Bh3 Qh5 37. Bf5 Qxh6 38. gxh6+ Kh8 39. Rdg3 Bf6 40. Nxb5 Bxe4+
41. Bxe4 Rxb5 42. Rb3 Rfb8 43. Ba7 d5 44. Bxb8 Rxb8 45. Bf5 e4 46. Rf1 Be5 47.
Re1 Nh5 48. Rd1 Ng3+ 49. Rxg3 Bxg3 50. Rxd5 e3 51. Bd3 Bf4 52. Rf5 e2 53. Bxe2
Rxb4 54. c4 Bxh6 55. Rxf7 Kg8 56. Rd7 Bf4 57. Kg2 Rb3 58. Bd3 h6 59. Kf3 Bc1
60. Ke4 Kf8 61. h5 Ke8 62. Rh7 Kd8 63. c5 Rc3 64. Kd4 Bd2 65. Bf5 Rc1 66. Be4
Bf4 67. Kd5 Be3 68. c6 Bf4 69. Rf7 Bg5 70. Ke6 Ke8 71. Bd5 Bh4 72. Rg7 Rf1 73.
Rg8+ Rf8 74. c7 1-0

[Event "Quebec op"]
[Site "Montreal CAN"]
[Date "1987.08.01"]
[Round "7"]
[White "Girard, Robin"]
[Black "Leveille, Francois"]
[Result "0-1"]
[WhiteElo "2107"]
[BlackElo "2303"]
[PlyCount "78"]
[EventDate "1987.07.26"]
[EventType "swiss"]
[EventRounds "8"]
[EventCountry "CAN"]

1. e4 e5 2. Nf3 Nc6 3. Bb5 a6 4. Ba4 Nf6 5. O-O Be7 6. Re1 b5 7. Bb3 d6 8. c3
O-O 9. a4 Bg4 10. h3 Bh5 11. d3 Na5 12. Bc2 c5 13. Nbd2 Rb8 14. g4 Bg6 15. d4
cxd4 16. cxd4 Nc6 17. Nb3 Qc7 18. d5 Nb4 19. Bb1 bxa4 20. Nbd2 h5 21. Nh2 Rfc8
22. Ra3 Rb5 23. Qxa4 Rc5 24. Qxb4 Rb8 25. Qa4 Rxc1 26. Rd1 Rxb2 27. Nhf1 hxg4
28. hxg4 Nxg4 29. Qe8+ Bf8 30. Rxc1 Qxc1 31. Rxa6 Qe1 32. Ra8 Qxf2+ 33. Kh1
Qh4+ 34. Kg1 Kh7 35. Qxf8 Qf2+ 36. Kh1 Kh6 37. Qh8+ Kg5 38. Qh3 Rxb1 39. Ra3
Rxf1+ 0-1

[Event "Quebec-ch"]
[Site "Montreal CAN"]
[Date "1987.05.27"]
[Round "1"]
[White "Girard, Robin"]
[Black "Saint Amand, Paul"]
[Result "1/2-1/2"]
[WhiteElo "2105"]
[BlackElo "2082"]
[PlyCount "28"]
[EventDate "1987.05.27"]
[EventType "tourn"]
[EventRounds "9"]
[EventCountry "CAN"]

1. e4 c5 2. Nf3 d6 3. d4 cxd4 4. Nxd4 Nf6 5. Nc3 a6 6. a4 e5 7. Nf3 Qc7 8. Be3
Be7 9. a5 Nbd7 10. Bd3 O-O 11. Nd2 Nc5 12. Nc4 Be6 13. Nb6 Rab8 14. Bg5 Ncd7
1/2-1/2

[Event "Quebec-ch"]
[Site "Montreal CAN"]
[Date "1987.05.28"]
[Round "2"]
[White "Spraggett, Grant"]
[Black "Girard, Robin"]
[Result "1-0"]
[WhiteElo "2186"]
[BlackElo "2105"]
[PlyCount "75"]
[EventDate "1987.05.27"]
[EventType "tourn"]
[EventRounds "9"]
[EventCountry "CAN"]

1. c4 g6 2. Nc3 Bg7 3. Nf3 d6 4. d4 Nf6 5. e4 O-O 6. Be2 e5 7. O-O Nc6 8. d5
Ne7 9. Ne1 Nd7 10. Nd3 f5 11. Bd2 Nf6 12. f3 Rf7 13. c5 Kh8 14. a4 Neg8 15. Qc1
Qf8 16. cxd6 cxd6 17. Nf2 Rc7 18. Qd1 a6 19. a5 Bd7 20. Be3 Bh6 21. Bb6 Rcc8
22. Kh1 Qe7 23. g4 Rf8 24. Rg1 fxg4 25. fxg4 Ne8 26. Nd3 Rc8 27. Rg2 Bg5 28.
Qe1 Nc7 29. Bf2 Nb5 30. h4 Rxf2 31. Nxf2 Bf4 32. Nd3 Nd4 33. Nxf4 Nc2 34. Qd1
Nxa1 35. Ne6 Bxe6 36. dxe6 Rf8 37. Qxa1 Qxh4+ 38. Kg1 1-0

[Event "Quebec-ch"]
[Site "Montreal CAN"]
[Date "1987.05.30"]
[Round "4"]
[White "Barbeau, Sylvain"]
[Black "Girard, Robin"]
[Result "1-0"]
[WhiteElo "2343"]
[BlackElo "2105"]
[PlyCount "81"]
[EventDate "1987.05.27"]
[EventType "tourn"]
[EventRounds "9"]
[EventCountry "CAN"]

1. d4 Nf6 2. c4 c5 3. d5 b5 4. cxb5 a6 5. e3 axb5 6. Bxb5 Qa5+ 7. Nc3 Bb7 8.
Nge2 Nxd5 9. O-O Nc7 10. Bc4 e6 11. e4 Ba6 12. Qd3 Bxc4 13. Qxc4 Qa6 14. Qxa6
Nbxa6 15. e5 Nb4 16. Rd1 f6 17. exf6 gxf6 18. Bf4 Ncd5 19. a3 Nxf4 20. Nxf4 Nc2
21. Rab1 Nd4 22. b4 Rxa3 23. Ne4 cxb4 24. Rxd4 e5 25. Rc4 exf4 26. Nxf6+ Kf7
27. Nxd7 Bd6 28. Rc6 Rd3 29. Kf1 f3 30. gxf3 Bxh2 31. Nc5 Rd4 32. Rb6 Rb8 33.
Rh6 Bd6 34. Ne4 Bf8 35. Rxh7+ Kg6 36. Rh4 b3 37. Ke2 Rdb4 38. Rf4 Bg7 39. Rg1+
Kh7 40. Rf7 Rg8 41. Nf6+ 1-0

[Event "Quebec-ch"]
[Site "Montreal CAN"]
[Date "1987.05.31"]
[Round "5"]
[White "Girard, Robin"]
[Black "Bolduc, Steve"]
[Result "1/2-1/2"]
[WhiteElo "2105"]
[BlackElo "2151"]
[PlyCount "102"]
[EventDate "1987.05.27"]
[EventType "tourn"]
[EventRounds "9"]
[EventCountry "CAN"]

1. e4 d5 2. exd5 Qxd5 3. Nc3 Qa5 4. d4 Nf6 5. Nf3 Bf5 6. Bd2 c6 7. Bc4 e6 8.
O-O Nbd7 9. Re1 Qc7 10. Bg5 Be7 11. Bh4 b5 12. Bd3 Bg4 13. Bg3 Bd6 14. a4 b4
15. Ne4 Nxe4 16. Bxe4 Bxg3 17. hxg3 Nf6 18. Bd3 Rd8 19. c3 bxc3 20. bxc3 O-O
21. Qc2 Bxf3 22. gxf3 c5 23. dxc5 Qxc5 24. Kg2 Rc8 25. Rac1 Rfd8 26. Rh1 g6 27.
Rh4 Qd6 28. Be2 Qd2 29. Rb4 Rc7 30. Rb8 Kg7 31. Rxd8 Qxd8 32. Qb3 Rc5 33. Qb4
Qc7 34. c4 e5 35. Rb1 Nd7 36. Kg1 h5 37. Qb7 Nb6 38. Qxc7 Rxc7 39. a5 Na4 40.
Kf1 Kf6 41. Ke1 Ke6 42. Kd2 f5 43. Rb8 Rc5 44. Rb5 Kd6 45. Kc2 g5 46. Rb1 Rxa5
47. Ra1 Kc6 48. Rh1 Nc5 49. Kb2 Na4+ 50. Kc2 Nc5 51. Kb2 Na4+ 1/2-1/2

[Event "Quebec-ch"]
[Site "Montreal CAN"]
[Date "1987.06.01"]
[Round "6"]
[White "Levtchouk, George"]
[Black "Girard, Robin"]
[Result "1-0"]
[WhiteElo "2318"]
[BlackElo "2105"]
[PlyCount "49"]
[EventDate "1987.05.27"]
[EventType "tourn"]
[EventRounds "9"]
[EventCountry "CAN"]

1. d4 Nf6 2. c4 c5 3. d5 b5 4. Nf3 bxc4 5. Nc3 g6 6. e4 d6 7. e5 dxe5 8. Nxe5
Bg7 9. Bxc4 O-O 10. O-O Nfd7 11. f4 Nb6 12. Be2 Bb7 13. Bf3 a6 14. a4 Qc7 15.
Be3 f6 16. a5 Nc8 17. Nd3 Nd7 18. Na4 Nd6 19. Ndxc5 Nxc5 20. Nxc5 Nf5 21. Bf2
Rfc8 22. Nxb7 Qxb7 23. d6 Qb5 24. d7 Rd8 25. Bxa8 1-0

[Event "Quebec-ch"]
[Site "Montreal CAN"]
[Date "1987.06.05"]
[Round "8"]
[White "Morin, Yves"]
[Black "Girard, Robin"]
[Result "1-0"]
[WhiteElo "2168"]
[BlackElo "2105"]
[PlyCount "103"]
[EventDate "1987.05.27"]
[EventType "tourn"]
[EventRounds "9"]
[EventCountry "CAN"]

1. e4 c5 2. Nc3 d6 3. d3 Nc6 4. g3 g6 5. Bg2 Bg7 6. f4 f5 7. Nh3 Nf6 8. Nd5 O-O
9. O-O Rb8 10. c3 e6 11. Nxf6+ Bxf6 12. Be3 Re8 13. e5 dxe5 14. Bxc5 Qc7 15.
Bf2 b6 16. Re1 Bb7 17. Re3 Qd6 18. Qa4 exf4 19. gxf4 Re7 20. Rae1 Rbe8 21. Bg3
a6 22. Qc2 b5 23. a3 a5 24. Qf2 b4 25. axb4 axb4 26. Bh4 Bxh4 27. Qxh4 Nd8 28.
Bxb7 Rxb7 29. Ng5 Ree7 30. d4 Rbc7 31. Qg3 Rc6 32. Qf3 bxc3 33. bxc3 h6 34. d5
Rc4 35. Nxe6 Nxe6 36. Rxe6 Rxf4 37. Rxd6 Rxe1+ 38. Kf2 Rxf3+ 39. Kxf3 Kf7 40.
c4 Rc1 41. Rc6 g5 42. c5 Rd1 43. Rc7+ Kf6 44. Rd7 Rc1 45. c6 Ke5 46. c7 g4+ 47.
Ke2 f4 48. Kd2 Rc5 49. d6 f3 50. Rd8 f2 51. Ke2 Rc2+ 52. Kf1 1-0

[Event "Quebec-ch"]
[Site "Montreal CAN"]
[Date "1987.06.07"]
[Round "10"]
[White "Girard, Robin"]
[Black "Leveille, Francois"]
[Result "1-0"]
[WhiteElo "2105"]
[BlackElo "2249"]
[PlyCount "107"]
[EventDate "1987.05.27"]
[EventType "tourn"]
[EventRounds "9"]
[EventCountry "CAN"]

1. e4 c5 2. Nf3 d6 3. d4 cxd4 4. Nxd4 Nf6 5. Nc3 a6 6. a4 e6 7. Be2 Be7 8. O-O
O-O 9. Be3 Qc7 10. f4 Nc6 11. Qe1 Nxd4 12. Bxd4 e5 13. fxe5 dxe5 14. Qg3 Bd6
15. Rxf6 exd4 16. Qxd6 Qxd6 17. Rxd6 dxc3 18. bxc3 Be6 19. Rb1 Ra7 20. Rdb6 Bc8
21. Bc4 Re8 22. Bd5 Re7 23. Kf2 Rc7 24. c4 Kf8 25. Ke3 a5 26. Kd4 Ke7 27. Rf1
Be6 28. c5 Rd7 29. Rfb1 Kd8 30. Rxb7 Raxb7 31. Rxb7 Rxb7 32. Bxb7 Bd7 33. c6
Bg4 34. Kc5 Kc7 35. Ba6 f6 36. Bc4 Bd1 37. Kb5 Bxc2 38. Bd5 Bd3+ 39. Kxa5 Bf1
40. g3 Bg2 41. Kb5 f5 42. Kc4 fxe4 43. Bg8 h6 44. Kd4 Kb6 45. Bh7 e3 46. Kxe3
Bxc6 47. Bc2 Kc5 48. Kf4 Kd4 49. a5 Bd7 50. Bf5 g5+ 51. Kg4 Be8 52. a6 Bb5 53.
Kh5 Ke5 54. Bc8 1-0

[Event "Quebec-ch"]
[Site "Montreal CAN"]
[Date "1987.06.09"]
[Round "11"]
[White "Cossette, Daniel"]
[Black "Girard, Robin"]
[Result "0-1"]
[WhiteElo "1954"]
[BlackElo "2105"]
[PlyCount "98"]
[EventDate "1987.05.27"]
[EventType "tourn"]
[EventRounds "9"]
[EventCountry "CAN"]

1. d4 Nf6 2. c4 e6 3. Nf3 b6 4. Bg5 Bb7 5. e3 h6 6. Bh4 Bb4+ 7. Nc3 g5 8. Bg3
Ne4 9. Qc2 Bxc3+ 10. bxc3 d6 11. Bd3 f5 12. d5 Nc5 13. h4 g4 14. Nd4 Qf6 15.
Nxe6 Nxe6 16. dxe6 Na6 17. Bxf5 Nb4 18. Bg6+ Ke7 19. Qd2 Qxg6 20. cxb4 Bxg2 21.
h5 Qg7 22. Ke2 Bf3+ 23. Kd3 Bxh1 24. Rxh1 Qh7+ 25. Kc3 Qe4 26. Qd5 Qxe6 27.
Bh4+ Kd7 28. Qd4 Qe5 29. Rd1 Qxd4+ 30. Rxd4 Rhg8 31. Re4 Rae8 32. Rf4 Ref8 33.
Re4 Rf7 34. Rd4 Rgg7 35. Kd3 Rf5 36. Rd5 Rxd5+ 37. cxd5 Rf7 38. Ke4 c6 39.
dxc6+ Kxc6 40. a4 Kd7 41. Bg3 Ke6 42. Bf4 Rf5 43. Bxh6 Rxh5 44. Bf4 Rh1 45. a5
Rb1 46. Kd3 Rxb4 47. axb6 Rxf4 48. exf4 axb6 49. Kc4 Kf5 0-1

[Event "Quebec-ch U20"]
[Site "Montreal CAN"]
[Date "1987.05.15"]
[Round "1"]
[White "Duplessis, Marc"]
[Black "Girard, Robin"]
[Result "0-1"]
[WhiteElo "1793"]
[BlackElo "2169"]
[PlyCount "58"]
[EventDate "1987.05.15"]
[EventType "tourn"]
[EventRounds "7"]
[EventCountry "CAN"]

1. d4 Nf6 2. c4 c5 3. d5 b5 4. cxb5 a6 5. Nc3 axb5 6. Nxb5 Qa5+ 7. Nc3 Bb7 8.
Bd2 Qb6 9. e4 e6 10. dxe6 fxe6 11. Bd3 Nc6 12. Nf3 Nb4 13. Bb1 Ba6 14. e5 Nfd5
15. Nh4 O-O-O 16. Nxd5 exd5 17. a3 Nc6 18. f4 g5 19. Nf3 gxf4 20. Bxf4 Bg7 21.
Qxd5 Qxb2 22. Qa2 Nxe5 23. Nxe5 Bxe5 24. Bxe5 Qxe5+ 25. Kd1 Qd4+ 26. Kc1 Qc3+
27. Bc2 Rhf8 28. Rb1 Bc4 29. Qb2 Qe3+ 0-1